Nutritional requirement of Hevea brasiliensis during immature phase in North Eastern Region (Record no. 48708)

MARC details
000 -LEADER
fixed length control field 00542nam a2200169Ia 4500
100 ## - MAIN ENTRY--AUTHOR NAME
Personal name Mandal D.
245 #0 - TITLE STATEMENT
Title Nutritional requirement of Hevea brasiliensis during immature phase in North Eastern Region
260 ## - PUBLICATION, DISTRIBUTION, ETC. (IMPRINT)
Name of publisher Proceedings of National Seminar on Resource Management, 1991, Shillong, India
Year of publication 1991
650 ## - SUBJECT ADDED ENTRY--TOPICAL TERM
Topical Term Immaturity period
650 ## - SUBJECT ADDED ENTRY--TOPICAL TERM
Topical Term North East India
650 ## - SUBJECT ADDED ENTRY--TOPICAL TERM
Topical Term Nutrition
700 ## - ADDED ENTRY--PERSONAL NAME
Personal name Krishnakumar A.K.
700 ## - ADDED ENTRY--PERSONAL NAME
Personal name Potty S.N.
700 ## - ADDED ENTRY--PERSONAL NAME
Personal name Sinha R.R.
942 ## - ADDED ENTRY ELEMENTS (KOHA)
Koha item type Bibliography STAF
Holdings
Withdrawn status Lost status Damaged status Not for loan Home library Current library Shelving location Date acquired Koha item type
      Bibliography RRII Library RRII Library Agronomy 09/04/2014 Bibliography STAF